000 00372nam a22001697a 4500
003 UA-OsUOA
001 2523
007 ta
008 20050721b un ||||| |||| 00| 0 ukr d
100 _aSchram
700 _aJoseph F.
942 _cBK
040 _aUA-OsUOA
_cUA-OsUOA
_dUA-OsUOA
245 _aFinding & fixing the older home.
_bCulture
955 _a2
650 7 _2UDC
999 _c288685
_d288685